Normal view
MARC view
Entry Topical Term
001 - CONTROL NUMBER
- control field: 15327
003 - CONTROL NUMBER IDENTIFIER
- control field: OSt
005 - DATE AND TIME OF LATEST TRANSACTION
- control field: 20211115115815.0
008 - FIXED-LENGTH DATA ELEMENTS
- fixed length control field: 211115|| aca||aabn | a|a d
040 ## - CATALOGING SOURCE
- Original cataloging agency: OSt
- Transcribing agency: OSt
150 ## - HEADING--TOPICAL TERM
- Topical term or geographic name entry element: Research -- Methodology -- Study and teaching (Secondary) -- Handbooks, manuals, etc
670 ## - SOURCE DATA FOUND
- Source citation: Work cat.: (OSt): Machi, Lawrence A. 15326, The literature review :, 2016
